Moulding your child : (Record no. 132817)

MARC details
000 -LEADER
fixed length control field 00708nam a22002297a 4500
005 - DATE AND TIME OF LATEST TRANSACTION
control field 20170124110200.0
010 ## - LIBRARY OF CONGRESS CONTROL NUMBER
LC control number A-777790
020 ## - INTERNATIONAL STANDARD BOOK NUMBER
Terms of availability 00.00
International Standard Book Number 8171082734
035 ## - SYSTEM CONTROL NUMBER
System control number A-777790
037 ## - SOURCE OF ACQUISITION
Source of stock number/acquisition Cen Lib/Ret
040 ## - CATALOGING SOURCE
Original cataloging agency DPL
Language of cataloging EN
082 ## - DEWEY DECIMAL CLASSIFICATION NUMBER
Classification number 155.4
Item number KAL
100 ## - MAIN ENTRY--PERSONAL NAME
Personal name Kaliaden, George J.
9 (RLIN) 35829
245 ## - TITLE STATEMENT
Title Moulding your child :
Statement of responsibility, etc by George J.Kaliaden
Remainder of title techniques to improve childrens behaviour /
260 ## - PUBLICATION, DISTRIBUTION, ETC. (IMPRINT)
Place of publication, distribution, etc Bombay
Name of publisher, distributor, etc Better Yourself Books
270 ## - ADDRESS
Address Bandra
City Bombay
Postal code 400050
300 ## - PHYSICAL DESCRIPTION
Extent 151p. :
Dimensions 20cm(Hb)
Other physical details ill.
500 ## - GENERAL NOTE
General note Includes bibliographical reference
650 ## - SUBJECT ADDED ENTRY--TOPICAL TERM
Topical term or geographic name as entry element Psychology
9 (RLIN) 35830
650 ## - SUBJECT ADDED ENTRY--TOPICAL TERM
Topical term or geographic name as entry element Child Behaviour
9 (RLIN) 35831
942 ## - ADDED ENTRY ELEMENTS (KOHA)
Source of classification or shelving scheme Dewey Decimal Classification
Koha item type English Books
Classification part 155.4
Call number suffix KAL
Holdings
Withdrawn status Lost status Damaged status Not for loan Home library Current library Date acquired Source of acquisition Cost, normal purchase price Total Checkouts Full call number Barcode Date last seen Date checked out Copy number Cost, replacement price Price effective from Koha item type Source of classification or shelving scheme Public note
        Central Library Central Library 23/07/2015 Cen Lib/Ret 0.00 1 155.4 KAL A-777790 30/12/2020 11/12/2020 1 0.00 23/07/2015 English Books    
Written off       Central Library Central Library 09/11/2016 Cen Lib/Ret 0.00   155.4 KAL A-809103 09/11/2016   2 0.00 09/11/2016 English Books Dewey Decimal Classification W/d List No. 6863/16 ; dtd 06/08/2020

© Delhi Public Library
Hit Counter
free hit counter